Hacking for dummies / (Record no. 16671)

000 -LEADER
fixed length control field 01046cam a22002777i 4500
020 ## - INTERNATIONAL STANDARD BOOK NUMBER
ISBN 1119154685
020 ## - INTERNATIONAL STANDARD BOOK NUMBER
ISBN 9781119154686
040 ## - CATALOGING SOURCE
Transcribing agency YDXCP
082 04 - DEWEY DECIMAL CLASSIFICATION NUMBER
Classification number 005 JAM 2001 A002 Or.
100 1# - MAIN ENTRY--AUTHOR NAME
Personal name Beaver, Kevin,
245 10 - TITLE STATEMENT
Title Hacking for dummies /
250 ## - EDITION STATEMENT
Edition statement 5th edition.
300 ## - PHYSICAL DESCRIPTION
Number of Pages xvi, 390 pages :
Other physical details illustrations ;
Dimensions 24 cm.
490 1# - SERIES STATEMENT
Series statement --For dummies
500 ## - GENERAL NOTE
General note Previous edition: 2013.
500 ## - GENERAL NOTE
General note Includes and index.
520 ## - SUMMARY, ETC.
Summary, etc Until you can think like a bad guy and recognize the vulnerabilities in your system, you can't build an effective plan to keep your information secure. The book helps you stay on top of the security game!
650 #0 - SUBJECT ADDED ENTRY--TOPICAL TERM
Topical Term Computer security.
650 #0 - SUBJECT ADDED ENTRY--TOPICAL TERM
Topical Term Computer networks
650 #0 - SUBJECT ADDED ENTRY--TOPICAL TERM
Topical Term Hackers.
700 1# - ADDED ENTRY--PERSONAL NAME
Personal name Stiennon, Richard,
856 42 - ELECTRONIC LOCATION AND ACCESS
Uniform Resource Identifier https://www.loc.gov/catdir/enhancements/fy1701/2015956627-b.html
856 42 - ELECTRONIC LOCATION AND ACCESS
Uniform Resource Identifier https://www.loc.gov/catdir/enhancements/fy1701/2015956627-d.html
856 41 - ELECTRONIC LOCATION AND ACCESS
Uniform Resource Identifier https://www.loc.gov/catdir/enhancements/fy1701/2015956627-t.html
942 ## - ADDED ENTRY ELEMENTS (KOHA)
Koha item type សៀវភៅភាសាអង់គ្លេស

No items available.

មជ្ឈមណ្ឌលឯការនៃសាកលវិទ្យាល័យភូមិន្ទកសិកម្មចំការដូង

Powered by Koha